书目信息 |
| 题名: |
汉英环境科学与工程词汇
|
|
| 作者: | 周培疆 , 严国安 , 甘复兴 编 | |
| 分册: | ||
| 出版信息: | 北京 科学出版社 2004.06 |
|
| 页数: | 937页 | |
| 开本: | 21cm | |
| 丛书名: | ||
| 单 册: | ||
| 中图分类: | X-61 | |
| 科图分类: | ||
| 主题词: | 环境科学--词汇--汉、英 , 环境工程--词汇--汉、英 , 环境科学 , 环境工程 | |
| 电子资源: | ||
| ISBN: | 7-03-011531-7 | |
| 000 | 00981nam0 2200289 45 | |
| 001 | 012004000000 | |
| 005 | 20051124163534.60 | |
| 010 | @a7-03-011531-7@b精装@dCNY 88.00 | |
| 100 | @a20041110d2004 em y0chiy0121 ea | |
| 101 | 0 | @achi@aeng |
| 102 | @aCN@b110000 | |
| 105 | @ay e 000yy | |
| 200 | 1 | @a汉英环境科学与工程词汇@Ahan ying huan jingke xue yu gong cheng ci hui@dChinese-English dictionary of environmental science and engineering@f周培疆, 严国安, 甘复兴主编@zeng |
| 210 | @a北京@c科学出版社@d2004.06 | |
| 215 | @a937页@d21cm | |
| 320 | @a本书含附录 | |
| 510 | 1 | @aChinese-English dictionary of environmental science and engineering@zeng |
| 606 | 0 | @a环境科学@x词汇@x汉、英 |
| 606 | 0 | @a环境工程@x词汇@x汉、英 |
| 606 | 0 | @a环境科学 |
| 606 | 0 | @a环境工程 |
| 690 | @aX-61@v4 | |
| 701 | 0 | @a周培疆@Azhou pei jiang@4编 |
| 701 | 0 | @a严国安@Ayan guo an@4编 |
| 701 | 0 | @a甘复兴@Agan fu xing@4编 |
| 801 | 0 | @aCN@bQSSK@c20051124 |
| 905 | @a10447@dX-61@eZ7801 | |
| 汉英环境科学与工程词汇=Chinese-English dictionary of environmental science and engineering/周培疆, 严国安, 甘复兴主编.-北京:科学出版社,2004.06 |
| 937页;21cm |
| ISBN 7-03-011531-7(精装):CNY 88.00 |
| ● |
| 相关链接 |
|
|
|
正题名:汉英环境科学与工程词汇
索取号:X-61/Z7801
 
预约/预借
| 序号 | 登录号 | 条形码 | 馆藏地/架位号 | 状态 | 备注 |
| 1 | 437419 | 204374195 | 自科库501/501自科库 61排6列5层/ [索取号:X-61/Z7801] | 在馆 | |
| 2 | 437517 | 204375176 | 自科库501/501自科库 61排6列5层/ [索取号:X-61/Z7801] | 在馆 | |
| 3 | 543246 | 205432469 | 期刊室512/501自科库 98排1列3层/ [索取号:X-61/Z7801] | 在馆 | |
| 4 | 543247 | 205432478 | 期刊室512/501自科库 98排1列3层/ [索取号:X-61/Z7801] | 在馆 | |
| 5 | 543248 | 205432487 | 期刊室512/501自科库 98排1列3层/ [索取号:X-61/Z7801] | 在馆 |